000 00418nam a2200133 a 4500
001 000040097
005 20201002033921.0
008 130807s1979 xxua 000 0 spa d
040 _aDO-SdBNP
_bspa
_cBNPHU
100 1 _aAshdown, Charles Henry
_966361
245 1 0 _aBritish & continental arms and armour /
_ccharles Henry Ashdown.
260 _aNew York :
_bDover Publications,
_c1979.
300 _a384 p. :
_bils. ;
_c23 cm.
999 _c39587
_d39587